Clásicos de la música popular chilena

Guardat en:
Dades bibliogràfiques
Autor corporatiu: Sociedad Chilena del Derecho de Autor (Autor)
Format: Llibre
Idioma:espanyol
Publicat: Santiago Universidad Católica de Chile 2000
Santiago SCD 2000
Edició:2a. ed
Col·lecció:Lecturas Escogidas
Matèries:
Etiquetes: Afegir etiqueta
Sense etiquetes, Sigues el primer a etiquetar aquest registre!

MARC

LEADER 00000nam a2200000 a 4500
001 UCL1863
003 CL-VaPUC
005 20250224104155.0
008 030926e20000000cl |||||||||||||||||spa|d
999 |c 305302  |d 305300 
020 |a 9561404540 
040 |c Pontificia Universidad Católica de Valparaíso 
082 0 4 |a 780.983 SOC 2000  |2 21 
110 2 |a Sociedad Chilena del Derecho de Autor  |e author  |9 478752 
245 1 0 |a Clásicos de la música popular chilena 
250 |a 2a. ed 
260 |a Santiago  |b Universidad Católica de Chile  |c 2000 
260 |a Santiago  |b SCD  |c 2000 
300 |a 324 p 
490 0 |a Lecturas Escogidas 
500 |a v.2: 1960-1973, raíz folclórica 
583 |a last modification  |c 20141021 05:11:27  |k Rodrigo Vera 
650 0 |a Música popular  |9 356085 
650 0 |a Canciones populares  |9 331022 
650 0 |a Partituras  |9 324008 
650 0 |a Tonadas  |9 409899 
650 0 |a Valses  |9 417013 
650 0 |a Cuecas  |9 417014 
651 7 |a CHILE  |2 CL-VaPUC  |9 478753 
942 |c BK  |2 ddc 
945 |d 20030926 00:00:00  |a cmena 
952 |0 0  |1 0  |4 0  |6 780_983000000000000_SOC_2000  |7 0  |8 F  |9 368445  |a BIBEDU  |b BIBEDU  |d 2019-11-21  |i 3940217  |l 11  |o 780.983 SOC 2000  |p 3940217  |r 2024-05-22  |s 2024-05-22  |w 2019-11-21  |y BK_F  |k MUS 
952 |0 0  |1 0  |4 0  |6 780_983000000000000_SOC_2000  |7 0  |8 F  |9 368446  |a BIBEDU  |b BIBEDU  |d 2019-11-21  |i 4011392  |l 7  |o 780.983 SOC 2000  |p 4011392  |r 2024-10-04  |s 2024-10-04  |w 2019-11-21  |y BK_F  |k MUS